[Event "SUI-chT"]
[Site "Switzerland"]
[Date "2022.09.17"]
[Round "6.8"]
[White "Gautier, Selvan"]
[Black "Alic, Miran"]
[Result "1/2-1/2"]
[WhiteElo "1965"]
[BlackElo "2029"]
[PlyCount "94"]
[EventDate "2022.05.01"]
[EventType "team-tourn"]
[EventRounds "9"]
[EventCountry "SUI"]
[SourceTitle "EXT 2023"]
[Source "ChessBase"]
[SourceDate "2022.10.05"]
[SourceVersion "1"]
[SourceVersionDate "2022.10.05"]
[SourceQuality "1"]
[WhiteTeam "Nyon"]
[BlackTeam "Nimzowitsch"]
[WhiteTeamCountry "SUI"]
[BlackTeamCountry "SUI"]

1. d4 d5 2. c4 e6 3. Nc3 a6 4. cxd5 exd5 5. Nf3 c6 6. Qc2 Nf6 7. Bg5 Be6 8. e3 h6 9. Bf4 c5 10. dxc5 Bxc5 11. Rd1 Qe7 12. Bxb8 Rxb8 13. Be2 0-0 14. 0-0 Rfc8 15. Qd3 Rc7 16. Nd4 Bb4 17. Nb1 Ne4 18. Bf3 Bd7 19. Qb3 Bc6 20. a3 Bd6 21. Nxc6 Rxc6 22. Qxd5 Ng5 23. g3 Rc5 24. Qxd6 Nxf3+ 25. Kh1 Rh5 26. Qxb8+ Kh7 27. g4 Rh3 28. Nd2 Nxh2 29. Kg2 Qh4 30. f3 h5 31. Rh1 Nxg4 32. fxg4 Qxg4+ 33. Kf2 Qh4+ 34. Ke2 Rxh1 35. Nf3 Qc4+ 36. Rd3 Rb1 37. Qe5 Qg4 38. Kf2 f6 39. Qd4 Qh3 40. Qe4+ Kh6 41. Qf4+ Kh7 42. Qe4+ Kh6 43. Qf4+ Kh7 44. Ng5+ fxg5 45. Qe4+ g6 46. Qe7+ Kh6 47. Qf8+ Kh7 1/2-1/2

[Event "FRA-ch U16"]
[Site "Saint Paul Trois Chateaux"]
[Date "2013.05.03"]
[Round "6"]
[White "Jrade, Willis"]
[Black "Gautier, Selvan"]
[Result "0-1"]
[WhiteElo "1793"]
[BlackElo "2044"]
[PlyCount "74"]
[EventDate "2013.04.28"]
[EventType "swiss"]
[EventRounds "9"]
[EventCountry "FRA"]
[SourceTitle "CBM 154 Extra"]
[Source "ChessBase"]
[SourceDate "2013.06.25"]
[SourceVersion "2"]
[SourceVersionDate "2013.06.25"]
[SourceQuality "1"]

1. e4 c5 2. Nf3 a6 3. c4 d6 4. d4 Bg4 5. d5 g6 6. Nc3 Bxf3 7. Qxf3 Bg7 8. Bd2 Nf6 9. Bd3 0-0 10. 0-0 e6 11. Qh3 exd5 12. exd5 Re8 13. Rfe1 Nbd7 14. f4 Qc7 15. Qf3 b5 16. b3 b4 17. Ne2 a5 18. a4 bxa3 19. Rxa3 Reb8 20. Nc3 Rb4 21. Nb5 Rxb5 22. cxb5 c4 23. Rxa5 Rxa5 24. bxc4 Ra2 25. Bc3 Qc5+ 26. Kh1 Ng4 27. Re8+ Nf8 28. h3 Bxc3 29. hxg4 Ra1+ 30. Bf1 Qxc4 31. Re2 Bd4 32. Kh2 Qc1 33. f5 Qxf1 34. Qe4 Qh1+ 35. Kg3 Ra3+ 36. Kf4 Be5+ 37. Qxe5 dxe5+ 0-1

[Event "FRA-ch op-B"]
[Site "Pau"]
[Date "2012.08.19"]
[Round "6"]
[White "Bandet, Raphael"]
[Black "Gautier, Selvan"]
[Result "1-0"]
[WhiteElo "1925"]
[BlackElo "1949"]
[PlyCount "125"]
[EventDate "2012.08.14"]
[EventType "swiss"]
[EventRounds "11"]
[EventCountry "FRA"]
[SourceTitle "EXT 2013"]
[Source "ChessBase"]
[SourceDate "2012.11.22"]
[SourceVersion "1"]
[SourceVersionDate "2012.11.22"]
[SourceQuality "1"]

1. e4 c5 2. d4 cxd4 3. c3 Nf6 4. e5 Nd5 5. cxd4 Nc6 6. Nf3 d6 7. Bc4 Nb6 8. Bb3 dxe5 9. d5 Nd4 10. Nxd4 exd4 11. Qxd4 e6 12. Nc3 Be7 13. Qxg7 Bf6 14. Qg3 Bxc3+ 15. Qxc3 Rg8 16. dxe6 Bxe6 17. Bxe6 fxe6 18. Qf3 Qd5 19. Qxd5 Nxd5 20. g3 Rc8 21. Kd1 Nb4 22. a3 Nd3 23. Ke2 Nc5 24. b4 Na4 25. Bd2 Nc3+ 26. Kd3 Rg7 27. Bxc3 Rd7+ 28. Kc2 Rd3 29. Kb2 Rcxc3 30. Rac1 Rxc1 31. Rxc1 Rd8 32. Kc2 Ke7 33. Rd1 Rc8+ 34. Kd2 Kf6 35. Rc1 Rd8+ 36. Ke3 Rd7 37. Rc2 Rg7 38. Rc5 Rd7 39. h3 e5 40. Rc4 Kf5 41. a4 Ke6 42. Rh4 Rc7 43. Kd3 Rf7 44. f4 exf4 45. Rxf4 Rg7 46. g4 Rd7+ 47. Rd4 Rf7 48. Ke4 Rf1 49. Rc4 Kd6 50. h4 Re1+ 51. Kf5 Re5+ 52. Kf6 Re6+ 53. Kg7 Re7+ 54. Kh6 Rf7 55. g5 Kd5 56. Rc5+ Ke6 57. h5 Rd7 58. Rc1 Rd5 59. Rg1 Kf5 60. Kxh7 Rd7+ 61. Kh6 Rd8 62. Rf1+ Kg4 63. g6 1-0

[Event "FRA-ch op-B"]
[Site "Pau"]
[Date "2012.08.16"]
[Round "3"]
[White "Gautier, Selvan"]
[Black "Parny, Mathieu"]
[Result "1-0"]
[WhiteElo "1949"]
[BlackElo "1880"]
[PlyCount "45"]
[EventDate "2012.08.14"]
[EventType "swiss"]
[EventRounds "11"]
[EventCountry "FRA"]
[SourceTitle "EXT 2013"]
[Source "ChessBase"]
[SourceDate "2012.11.22"]
[SourceVersion "1"]
[SourceVersionDate "2012.11.22"]
[SourceQuality "1"]

1. e4 e5 2. f4 d5 3. exd5 e4 4. d3 Nf6 5. dxe4 Nxe4 6. Nf3 Bc5 7. Qe2 Bf5 8. Nc3 Qe7 9. Be3 Bxe3 10. Qxe3 Nxc3 11. Qxe7+ Kxe7 12. bxc3 Bxc2 13. Kd2 Bg6 14. Nd4 c5 15. Re1+ Kd6 16. Nb5+ Kd7 17. Na3 Kc7 18. g4 f5 19. Re7+ Nd7 20. Bb5 Rad8 21. Nc4 a6 22. d6+ Kc8 23. Bxd7+ 1-0

[Event "FRA-ch op-B"]
[Site "Pau"]
[Date "2012.08.15"]
[Round "2"]
[White "Anton, Jose"]
[Black "Gautier, Selvan"]
[Result "0-1"]
[WhiteElo "1865"]
[BlackElo "1949"]
[PlyCount "48"]
[EventDate "2012.08.14"]
[EventType "swiss"]
[EventRounds "11"]
[EventCountry "FRA"]
[SourceTitle "EXT 2013"]
[Source "ChessBase"]
[SourceDate "2012.11.22"]
[SourceVersion "1"]
[SourceVersionDate "2012.11.22"]
[SourceQuality "1"]

1. e4 c5 2. d4 cxd4 3. c3 dxc3 4. Nxc3 e6 5. Nf3 a6 6. Bc4 b5 7. Bb3 d6 8. 0-0 Ra7 9. Be3 Rd7 10. Qe2 Bb7 11. Rac1 Nf6 12. Rfd1 Nxe4 13. Nxe4 Bxe4 14. Ng5 Bf5 15. g4 Bg6 16. Nxe6 fxe6 17. Bxe6 Be7 18. Qf3 Rf8 19. Qa8 h5 20. Bxd7+ Qxd7 21. Qxb8+ Kf7 22. Qa7 Qxg4+ 23. Kf1 Be4 24. Rc7 Qxd1# 0-1

[Event "FRA-ch U14"]
[Site "Nimes"]
[Date "2012.04.20"]
[Round "8"]
[White "Haussernot, Cecile"]
[Black "Gautier, Selvan"]
[Result "1-0"]
[WhiteElo "2101"]
[BlackElo "1899"]
[PlyCount "49"]
[EventDate "2012.04.14"]
[EventType "swiss"]
[EventRounds "9"]
[EventCountry "FRA"]
[SourceTitle "CBM 148 Extra"]
[Source "ChessBase"]
[SourceDate "2012.06.22"]
[SourceVersion "1"]
[SourceVersionDate "2012.06.22"]
[SourceQuality "1"]

1. e4 e5 2. Nf3 Nc6 3. Bb5 a6 4. Ba4 Nf6 5. 0-0 Be7 6. c3 b5 7. Bb3 0-0 8. Re1 d5 9. exd5 Nxd5 10. Nxe5 Nxe5 11. Rxe5 c6 12. h3 Bd6 13. Re1 Qh4 14. Qf3 Bxh3 15. Qxh3 Rae8 16. Rf1 Qf6 17. d4 Re4 18. g3 Rfe8 19. Bc2 Re2 20. Qxh7+ Kf8 21. Qh8+ Ke7 22. Qh5 Kd7 23. Qg4+ Kc7 24. Bg5 Qe6 25. Bf5 1-0